000 00570cam a22002053a 4500
001 42760
003 PGUSA
005 20140828083952.0
008 130521s2013||||xxu|||||s|||||000 | eng d
040 _aPGUSA
_beng
042 _adc
100 1 _aHubbard, Alice,
_d1861-1915
245 1 4 _aThe Myth in Marriage
_h[electronic resource] /
_cAlice Hubbard
260 _bProject Gutenberg,
_c2013
506 _aPublic domain in the USA.
516 _aElectronic text
830 0 _aProject Gutenberg
_v42760
856 4 0 _uhttp://www.gutenberg.org/ebooks/42760
942 _cEB
999 _c272012
_d272012